[Event "EU-chT (Men) 19th"]
[Site "Warsaw"]
[Date "2013.11.09"]
[Round "2.1"]
[White "Svidler, Peter"]
[Black "Ipatov, Alexander"]
[Result "1/2-1/2"]
[WhiteElo "2752"]
[BlackElo "2630"]
[Annotator "Marin,M"]
[PlyCount "49"]
[EventDate "2013.11.08"]
[EventType "team-swiss"]
[EventRounds "9"]
[EventCountry "POL"]
[SourceTitle "CBM 158"]
[Source "ChessBase"]
[SourceDate "2014.01.16"]
[SourceVersion "1"]
[SourceVersionDate "2014.01.16"]
[SourceQuality "1"]
[WhiteTeam "Russia"]
[BlackTeam "Turkey"]
[WhiteTeamCountry "RUS"]
[BlackTeamCountry "TUR"]

1. e4 d6 2. d4 Nf6 3. Nc3 e5 4. Nf3 Nbd7 5. Bc4 Be7 6. O-O O-O 7. a4 a6 ({Since
} 7... b6 {can be met with} 8. a5 {, Black needs a bit of preparation ...b7-b6.
}) 8. a5 {Crossing Black's initial plan radically. In order to achieve active
play, Black needs to find an effective way to play ...exd4 followed by ...Ne5
and ...c5.} ({For} 8. Re1 b6 {see Tari-Zagorskis, played at the same
tournament.}) 8... h6 {Preparing ...Re8 without fearing Bxf7!+ or simply Ng5.}
9. Re1 ({Given the course of the game and Black's novelty below, the early} 9.
h3 {makes some sense.} Re8 10. Re1 exd4 11. Nxd4 Ne5 12. Bf1 (12. Ba2 {
transposes below}) 12... c5 13. Nf5 Bf8 14. Ne3 Be6 15. Ned5 Nc6 16. Nxf6+ {
This looks like a concession and should not have offered an advantage.} ({
True, the developing} 16. Bf4 {exposes the bishop to} Nxa5 17. Nxf6+ Qxf6 $1
$11) (16. Bd2 $5 Bxd5 17. Nxd5 $14 Nxe4 $6 18. Bxh6 gxh6 19. Qg4+ $16) (16. Ra3
$5) (16. Re3 $5) 16... Qxf6 17. Nd5 Bxd5 18. Qxd5 {White has obtained the
bishop pair, but his development is far from optimal.} Re5 {Besides, his
control over the d5-square is not that stable.} 19. Qb3 {Karjakin,S (2767)
-Carlsen,M (2868)/Stavanger 2013/CBM 154 Extra (1-0, 42)} Nd4 20. Qxb7 Rae8 $44
) 9... exd4 10. Nxd4 Ne5 11. Ba2 {[%csl Gd5] The most active retreat,
anticipating ...c5.} (11. Bf1 c5 (11... Bg4 12. f3 c5 {is an alternative}) 12.
Nb3 Be6 13. Bf4 Rc8 14. h3 Re8 15. Bxe5 dxe5 16. Nd2 c4 17. Ra4 Bc5 18. Nxc4
Bd4 $44 {Caruana,F (2711)-Carlsen,M (2821)/Biel 2011/CBM 144}) 11... Bg4 $146 {
Aiming to provoke the weakening of the white kingside.} (11... Re8 12. h3 Bf8 (
12... c5 13. Nf5 Bf8 14. Bf4 Be6 15. Bxe5 dxe5 16. Ne3 Qxd1 17. Rexd1 Bxa2 18.
Rxa2 Red8 19. Ned5 Nxd5 20. Nxd5 c4 21. Ra4 $16 {Vovk,A (2564)-Singh,S (1928)
Visakhapatnam 2012 (1-0, 30)}) 13. Bf4 Bd7 14. Bh2 g6 15. Kh1 Bg7 16. Qd2 (16.
f4 Nc6 17. e5 $36) 16... c5 17. Nde2 Be6 18. Bxe6 Rxe6 19. Nf4 Re8 20. Ra4 $14
{Grischuk,A (2764)-Ivanchuk,V (2766)/Beijing (blitz) 2012/EXT 2014 (1-0, 79)})
12. f3 (12. Qd2 {would avoid the weakening, but temporarily lose coordination.}
Re8 (12... c5 13. Nf5 $14) 13. h3 Bd7 14. f4 Nc6 15. Qf2 Nb4 16. Bb3 c5 $132)
12... c5 13. fxg4 (13. Nf5 Bxf5 14. exf5 Qd7 15. Nd5 Nxd5 16. Qxd5 {Once again
White seems to keep the light squares in hand, but this is deceptive.} Bf6 17.
c3 (17. Be3 Qb5 18. Rab1 c4 $132) 17... Rad8 18. Be3 Qb5 $132) (13. Nde2 Bxf3 (
13... Bd7 14. Nf4) 14. gxf3 Nxf3+ 15. Kh1 Nxe1 16. Qxe1) 13... cxd4 14. Qxd4 (
14. Nd5 Nfxg4 {[%cal Gg4e3]} 15. Qxd4 {would only transpose.}) 14... Nfxg4 15.
Nd5 {This structure might well have arisen from the Sicilian Najdorf.} Bg5 {
This static approach does not equalise completely, although Black keeps a
solid position.} ({The greedy} 15... Bh4 $5 16. Re2 Qxa5 {is not easy to
punish.} 17. Ne7+ $2 {is bad for several reasons, the most spectacular being}
Bxe7 18. Bxf7+ Rxf7 19. Rxa5 Raf8 $19 20. Re1 Bh4 {[%cal Gh4f2]} 21. Qd1 (21.
g3 Nf3+) 21... Bf2+ 22. Kh1 (22. Kf1 Bb6+) 22... Bxe1) 16. h3 Nc6 17. Qc3 Nge5
18. Nb6 Rb8 19. Bd5 {White has occupied some key squares, but his development
is incomplete and the queen somewhat exposed.} Bf6 20. Qd2 Kh8 {The usefulness
of this move is far from obvious.} (20... Bg5 $5) 21. Rf1 Bg5 22. Qc3 {White
should be better, but Svidler seems to have failed to found a reasonable way
of avoiding the repetition.} ({Here is a possible one:} 22. Qe1 Bh4 23. Qe3 Bg5
24. Qa3 Nd4 25. Rf2 Bh4 26. g3 Nb5 27. Qb3 Nd4 28. Qe3 Bf6 29. Kg2 Nb5 30. Qe1
$14 {Well, not a very natural sequence, but White is in control of the
position so he could afford to play like that.}) 22... Bf6 23. Qd2 Bg5 24. Qc3
Bf6 25. Qd2 1/2-1/2

[Event "EU-chT (Men) 19th"]
[Site "Warsaw"]
[Date "2013.11.10"]
[Round "3.14"]
[White "Blomqvist, Erik"]
[Black "Indjic, Aleksandar"]
[Result "0-1"]
[WhiteElo "2508"]
[BlackElo "2534"]
[Annotator "Marin,M"]
[PlyCount "63"]
[EventDate "2013.11.08"]
[EventType "team-swiss"]
[EventRounds "9"]
[EventCountry "POL"]
[SourceTitle "CBM 158"]
[Source "ChessBase"]
[SourceDate "2014.01.16"]
[SourceVersion "1"]
[SourceVersionDate "2014.01.16"]
[SourceQuality "1"]
[WhiteTeam "Sweden"]
[BlackTeam "Serbia"]
[WhiteTeamCountry "SWE"]
[BlackTeamCountry "SRB"]

1. e4 d6 2. d4 Nf6 3. Nc3 e5 4. Nf3 Nbd7 5. Bc4 Be7 6. O-O O-O 7. a4 c6 8. Re1
exd4 9. Nxd4 Ne5 10. Ba2 (10. Bf1 {is an important alternative.}) 10... Re8 11.
h3 Qa5 12. f4 Ng6 13. Qd3 Bf8 (13... Bd8 {is better known} 14. Bd2 (14. b4 Qxb4
15. Ba3 Nxf4 16. Bxb4 Nxd3 17. cxd3 Bb6 18. Nce2 c5 $13 {Radovanovic,N (2249)
-Tadic,B (2505)/Paracin 2013/CBM 155 Extra (1-0, 37)}) 14... Qh5 15. f5 Ne5 16.
Qg3 Bb6 17. Be3 Bd7 18. Bf2 Re7 19. Rad1 $14 {Frolyanov,D (2610)-Bocharov,D 
(2595)/Olginka 2011/CBM 142 (1-0, 25)}) 14. Bd2 Qh5 $146 {Not necessarily an
improvement. The queen is exposed on h5.} (14... Qc7 {1-0 Ismagambetov,A (2496)
-Kozganbayev,E (2168)/Astana 2011/CBM 142 Extra (30)}) 15. a5 Bd7 16. Re2 (16.
f5 Ne5 17. Qg3 $14) 16... Rad8 17. g4 Bxg4 {What else?} 18. hxg4 Nxg4 19. Rf1
$6 (19. Rae1 $1 $16 d5 20. exd5) 19... d5 $1 20. e5 (20. exd5 $2 Rxe2 21. Qxe2
Re8 22. Qg2 Bc5 23. Nce2 Rxe2 $19) (20. Rf3 $1 {[%cal Gf3h3]} Bc5 21. Rh3 Bxd4+
22. Kh1) 20... Bc5 $40 21. b4 N6xe5 $1 22. fxe5 Nxe5 23. Rxe5 Qg4+ 24. Kh1 Rxe5
25. Nf5 Bxb4 26. Rf3 Qh5+ 27. Kg2 Qg6+ 28. Kf1 Kh8 29. a6 Bc5 30. Ne2 Rde8 31.
axb7 Rxe2 32. Ng3 0-1

[Event "Sao Paulo zt 2.4"]
[Site "Sao Paulo"]
[Date "2001.??.??"]
[Round "5"]
[White "Vescovi, Giovanni P"]
[Black "Pelikian, Jefferson"]
[Result "1-0"]
[WhiteElo "2572"]
[BlackElo "2415"]
[Annotator "Melao,H"]
[PlyCount "93"]
[EventDate "2001.06.07"]
[EventType "tourn"]
[EventRounds "9"]
[EventCountry "BRA"]
[EventCategory "8"]
[SourceTitle "CBM 082 Extra"]
[Source "ChessBase"]
[SourceDate "2001.07.03"]
[SourceVersion "1"]
[SourceVersionDate "2001.07.03"]
[SourceQuality "1"]

1. e4 e5 2. Nf3 d6 3. d4 Nd7 4. Bc4 c6 (4... Ngf6 $2 5. Ng5) 5. O-O Be7 6. dxe5
dxe5 7. Ng5 Bxg5 8. Qh5 Qe7 9. Qxg5 Qxg5 10. Bxg5 Ngf6 11. f3 b5 (11... Nc5 12.
Nd2 b5 13. Bb3 Be6 14. Be3 Nfd7 15. Bxe6 fxe6 16. b3 O-O 17. Rfd1 Kf7 18. Nf1
Ke7 19. Rd2 Nb7 20. Bf2 Rfd8 21. Ne3 Nf6 22. Re2 Nd6 23. Nd1 Nb7 24. Nb2 g5 25.
Bg3 Nd7 26. Rd1 {Kos,T-Vrcon,D/Bled 2000/EXT 2001/1-0 (41)}) 12. Be2 Nb6 13.
Nd2 Be6 14. Rfc1 $1 $146 {muito lógico e muito forte!} (14. b3 Nfd7 15. Rfc1 f6
16. Be3 Ke7 17. c4 bxc4 18. Nxc4 Nxc4 19. Bxc4 Bxc4 20. Rxc4 Rhc8 21. Rac1 Kd6
22. h4 Nb6 23. Rc5 Rc7 24. Ra5 Nd7 25. Kf2 a6 26. Rd1+ Ke6 27. g3 Rb7 28. Ra4
a5 {Topalov,V-Franco Ocampos,Z/Pamplona 1994/CBM 46/[Hecht]/1/2-1/2 (65)})
14... h6 15. Be3 Nfd7 16. c4 {mal terminaram a Teoria, e as Pretas já estão
com problemas graves.} a6 17. cxb5 cxb5 18. Rc6 Rb8 19. b3 O-O 20. a4 bxa4 21.
bxa4 a5 22. Bb5 {a pressão na ala da Dama й muito forte, e quase se pode dizer
que nesse ponto a Pretas já estão perdidas.} Rfc8 23. Rac1 Kf8 24. f4 exf4 25.
Bxf4 Rxc6 26. Rxc6 Rb7 27. Bd6+ Kg8 28. Kf2 Bg4 29. Rc1 Be6 30. Ke3 f5 31. e5
Bd5 32. g3 Kf7 33. Kd4 Ke6 34. Rc3 g5 (34... Ra7 $5) 35. Nb3 f4 (35... Bxb3
$142 36. Rxb3 Nb8 37. Rb1 $18 {[%csl Ra5,Gb5,Rb6,Rb8,Gd6,Ge5] ^^, קa5, קe5})
36. gxf4 gxf4 37. Rh3 Bxb3 38. Rxb3 Ra7 39. Bc6 (39. Bf1 $142 $1 {[%cal Yf1h3]}
) 39... Nc8 40. Bd5+ Kf5 41. Be4+ Kg4 (41... Ke6 42. Rh3 $18) 42. Ba3 Ndb6 43.
e6 $1 Nxa4 44. Ke5 (44. Bb7 $5) 44... Nab6 $2 (44... Kg5 $142 {[%csl Gf6]}) 45.
Kf6 Kh4 {caindo em rede de mate...} (45... f3 46. Bf5+ Kh5 (46... Kf4 47. Bc1#)
47. Rxf3 $18) 46. Bc5 $1 Ra6 47. Bf2+ (47. Bf2+ Kg4 48. h3+ Kh5 49. Bg6#) 1-0

[Event "Slavia Hradec Kralove-12 1977/78"]
[Site "Hradec Kralove"]
[Date "1978.01.04"]
[Round "10"]
[White "Mojzis, Jaroslav"]
[Black "Moehring, Guenther"]
[Result "1-0"]
[WhiteElo "2300"]
[BlackElo "2405"]
[Annotator "Moehring,G"]
[PlyCount "79"]
[EventDate "1977.12.26"]
[EventType "tourn"]
[EventRounds "11"]
[EventCountry "CSR"]
[EventCategory "7"]
[SourceTitle "EXT 2007"]
[Source "ChessBase"]
[SourceDate "2006.11.23"]
[SourceVersion "1"]
[SourceVersionDate "2006.11.23"]
[SourceQuality "1"]

1. e4 d6 2. d4 Nf6 3. Nc3 Nbd7 4. Nf3 e5 5. Be2 Be7 6. O-O O-O 7. Re1 c6 8. a4
Re8 9. Bf1 Bf8 10. g3 exd4 11. Nxd4 Nc5 12. Bg2 a5 13. h3 g6 14. g4 h5 15. g5
Nh7 16. f4 Bg7 17. Be3 Nf8 18. Qd2 Nfe6 19. Nde2 Qb6 20. Bf2 Bf8 21. Ng3 Ng7
22. b3 Bd7 23. Qd1 Rad8 24. Qf3 Be7 25. Rad1 {R} Bc8 26. Nb1 Qc7 27. Na3 d5 (
27... Nce6 $1) 28. exd5 cxd5 29. Nb5 Qb6 30. Rxd5 Rxd5 31. Qxd5 Be6 32. Qe5 Bf8
33. Ne4 Rc8 34. Bd4 Qd8 35. Nxc5 Bf5 36. c3 b6 37. Ne4 Kh8 38. Ned6 Be6 39.
Nxc8 Qxc8 40. Kh2 {2:22-2:29} 1-0

[Event "RUS-ch"]
[Site "Elista"]
[Date "1994.??.??"]
[Round "11"]
[White "Ionov, Sergey"]
[Black "Yandemirov, Valeri"]
[Result "1-0"]
[WhiteElo "2530"]
[BlackElo "2535"]
[Annotator "Moiseev,V"]
[PlyCount "37"]
[EventDate "1994.09.??"]
[EventType "swiss"]
[EventRounds "11"]
[EventCountry "RUS"]
[SourceTitle "CBM 044"]
[Source "ChessBase"]
[SourceDate "1995.02.01"]
[SourceVersion "1"]
[SourceVersionDate "1995.02.01"]
[SourceQuality "1"]

1. e4 e5 2. Nf3 d6 3. d4 Nf6 4. dxe5 Nxe4 5. Qd5 Nc5 6. Bg5 Be7 (6... Qd7 7.
exd6 Bxd6 8. Nc3 O-O 9. O-O-O Nc6 10. Nb5 $1 $16 {Tiviakov,S-Barbero,G/Imperia/
1993/1:0/23/ Inf 59/337}) 7. exd6 Qxd6 8. Nc3 Ne6 $6 $146 (8... Qxd5 9. Nxd5
Bd6 10. O-O-O Ne6 (10... Nc6 $5) 11. Be3 Nc6 12. Nd2 $1 $14 {Howell,J-Tepper,F/
Pardubice/1994/1:0/27/}) 9. Bxe7 Qxe7 10. O-O-O Nc6 (10... O-O $5 11. Qh5 $36 (
11. Qe4 $5)) 11. Qe4 $1 (11. Bb5 $6 Bd7 {/\ 0-0-0}) 11... Qb4 12. Bc4 O-O 13.
Nd5 Qc5 14. Qh4 Rd8 $6 (14... b5 $5 15. Bd3 (15. Bb3 a5 $132) 15... f5) 15.
Rhe1 $16 b5 16. Bb3 Bb7 $4 (16... a5 $6 17. Ne5 $1 (17. Ng5 h6) 17... Nxe5 (
17... a4 18. Nxc6 axb3 19. Qxd8+ $1 Nxd8 20. Re8+ Qf8 21. Nce7+ $18) 18. Rxe5
Qf8 19. Ne7+ Kh8 20. Qxh7+ $1 Kxh7 21. Rh5#) (16... Bd7 $16) 17. Rxe6 $1 $18 a5
(17... fxe6 18. Ng5 exd5 (18... h6 19. Nxe6 Qd6 20. Nxd8 $18) 19. Qxh7+ Kf8 20.
Ne6+ $18) 18. Ng5 h6 19. Rxh6 $1 1-0

[Event "DEN-ch"]
[Site "Esbjerg"]
[Date "1997.03.28"]
[Round "7"]
[White "Mortensen, Erling"]
[Black "Danielsen, Henrik"]
[Result "1-0"]
[WhiteElo "2450"]
[BlackElo "2490"]
[Annotator "Mortensen,E"]
[PlyCount "86"]
[EventDate "1997.03.22"]
[EventType "tourn"]
[EventRounds "9"]
[EventCountry "DEN"]
[EventCategory "10"]
[SourceTitle "CBM 060"]
[Source "ChessBase"]
[SourceDate "1997.09.29"]
[SourceVersion "1"]
[SourceVersionDate "1997.09.29"]
[SourceQuality "1"]

1. e4 e5 2. Nf3 d6 3. d4 exd4 4. Nxd4 g6 {This line has been popular in
Denmark since a theoretical article by Larsen in the danish magazine
"Skakbladet" in 1969. White has after long caste the same kind of attack as in
The Sicilian Dragon, but it seems that blacks half open e-file is less
effective for attacking purposes than the half open c-file in the Sicilian.
Therefore the line is very risky for black.} 5. Nc3 Bg7 6. Be3 Nf6 7. Qd2 O-O
8. O-O-O Re8 9. f3 Nc6 10. g4 Ne5 {More common has been 10... Sxd4 11. Lxd4
Le6 with the idea c7-c5 and Da5.} 11. Be2 a6 12. Bh6 $1 {An important move.
Blacks bishop is exposed on h8 after the opening of the h-file, and it is
tactically important to be able to play the knight to f5 after c7-c5.} Bh8 13.
Bg5 b5 14. h4 Bb7 15. h5 c5 16. hxg6 (16. Nb3 c4 17. Nd4 b4 18. Nd5 Bxd5 19.
exd5 Qa5 20. Kb1 Nxd5 21. hxg6 hxg6 22. Rxh8+ Kxh8 23. Bf6+ Nxf6 24. Qh6+ Kg8
25. Rh1 Nh7 26. Qxh7+ Kf8 27. f4 Qd5 28. fxe5 Qxd4 29. Qh8+ Ke7 30. Qf6+ Kd7
31. e6+ {1-0 Pilgaard,K-Alkaersig,O/Copenhagen op 1994/EXT 94op}) 16... cxd4 {
Better was 16... fxg6 17. Sf5 gxf5 18. gxf5 with a strong attack for white.}
17. gxh7+ Kf8 18. Qxd4 Re6 {White is clearly winning: three pawns for the
piece plus the strong threats Th6 or Dxd6.} 19. Nd5 Bxd5 20. exd5 Re8 21. f4
Ng6 22. Bd3 {With the idea Lf5 followed by Lh6+ and Te1+.} Nxg4 23. Bxg6 $1 {
After this the ending is winning.} Bxd4 24. Rxd4 Kg7 25. Bxd8 Raxd8 26. Bd3 Nf6
27. a4 bxa4 28. Rxa4 Nxd5 29. Bxa6 Ra8 30. Rd1 Nb6 31. Ra3 d5 32. Rg1+ Kh8 {
Of course not 32... Kxh7 33. Th3 mate.} 33. Bd3 Rad8 34. Ra7 Rf8 35. b3 d4 36.
Kd2 Nd5 37. Bc4 Nxf4 38. Rxf7 Rxf7 39. Bxf7 Kxh7 40. Rg4 {The knight has no
squares.} Nh3 41. Rh4+ Kg7 42. Rxh3 Kxf7 43. Kd3 Ke6 {White wins after 44. Th4
Ke5 45. Te4+ and the pawn falls.} 1-0

[Event "Moscow op2"]
[Site "Moscow"]
[Date "1995.??.??"]
[Round "4"]
[White "Bologan, Viktor"]
[Black "Yanvarjov, Igor"]
[Result "1-0"]
[WhiteElo "2530"]
[BlackElo "2425"]
[Annotator "Notkin,M"]
[PlyCount "71"]
[EventDate "1995.11.??"]
[EventType "swiss"]
[EventRounds "9"]
[EventCountry "RUS"]
[SourceTitle "CBM 050 Extra"]
[Source "ChessBase"]
[SourceDate "1996.03.01"]
[SourceVersion "1"]
[SourceVersionDate "1996.03.01"]
[SourceQuality "1"]

1. e4 {Chekhov} e5 2. Nf3 d6 3. d4 Nf6 4. Nc3 Nbd7 5. Bc4 exd4 (5... Be7) 6.
Nxd4 g6 (6... Nb6 7. Be2 Be7 8. O-O O-O 9. f4 d5 10. e5 Ne4 11. Nxe4 dxe4 12.
c4 f5 13. Be3 $16 {Ernst,T-Salem,A/London/1991/1:0/28/}) 7. O-O Bg7 8. Re1 (8.
a4 $6 {Chekhov} O-O 9. Bg5 Ne5 10. Be2 Nc6 11. Nxc6 bxc6 12. f4 Qe8 13. Qd3 Rb8
14. b3 Nd7 15. Qd2 Nc5 16. Bd3 Nxd3 17. Qxd3 Ba6 $1 $15 {Levitina,
I-Chekhova-Kostina,T/Tbilisi/1985/0,5/35/}) 8... O-O 9. Bf4 (9. Bf1 {Chekhov}
Re8 10. Bg5 Nc5 11. f3 Ne6 12. Nxe6 Bxe6 13. e5 dxe5 14. Qxd8 Raxd8 15. Ne4
Nxe4 16. Bxd8 Rxd8 17. fxe4 Bf8 $44 {Isupov,V-Yanvarjov,I/Moscow/1995/0|1/37/})
9... Ne5 (9... Nb6 10. Be2 d5 11. e5 Ne4 (11... Ne8 {/\c6,Nc7+/=/}) 12. Nxe4
dxe4 13. Bf1 $16) 10. Be2 Re8 (10... h6 $1) 11. Qd2 Nc6 (11... Bd7 12. Bg5 $14
(12. Rad1 {Chekhov} Nc6)) 12. Nxc6 bxc6 13. e5 Nd5 $1 (13... dxe5 {Chekhov} 14.
Qxd8 Rxd8 15. Bxe5 $16) 14. Bg5 $1 (14. Nxd5 dxe5 $1) 14... f6 15. exf6 Nxf6 (
15... Bxf6 16. Bxf6 Nxf6 17. Bf3 Bd7 18. Na4 $16) 16. Bf3 Bd7 17. Nd5 $1 Rb8 (
17... cxd5 18. Rxe8+ Qxe8 19. Bxf6 $1 c6 20. Bxg7 Kxg7 21. c4 $16 (21. Re1 $16
{Chekhov})) 18. Nb4 c5 $2 (18... Rb6 $5 19. Rxe8+ Qxe8 20. Re1 Qf8 21. c3 $14)
(18... Rb6 $5) 19. Nc6 Bxc6 20. Bxc6 Rxe1+ 21. Rxe1 Qf8 (21... Rxb2 22. Qc1 {
/\Re8!/} (22. Bd5+ Kh8 23. Bb3 $18)) 22. b3 $16 h6 23. Be3 Ng4 24. Bf4 Ne5 25.
Be4 g5 26. Bg3 Rb4 $2 (26... Re8 $16) 27. c4 Bf6 28. h3 a5 29. f4 $18 gxf4 30.
Bxf4 Bg7 31. Rf1 Qf6 32. Qd5+ Nf7 (32... Kh8 33. Bxe5 Qxe5 34. Qa8+ $18) 33.
Bd2 $1 c6 (33... Qd4+ 34. Kh1) 34. Qxc6 Qd4+ 35. Kh1 Rb8 (35... Qxd2 36. Qe8+
$18) 36. Bd5 $1 (36. Bd5 Qxd2 37. Qxd6 $1 $18 (37. Qxd6 Rf8 38. Bxf7+ Rxf7 39.
Qxd2 $18)) 1-0

[Event "St Petersburg op2"]
[Site "St Petersburg"]
[Date "1994.??.??"]
[Round "4"]
[White "Zvjaginsev, Vadim"]
[Black "Prokopchuk, Evgeny"]
[Result "1-0"]
[WhiteElo "2585"]
[BlackElo "2435"]
[Annotator "Notkin,M"]
[PlyCount "69"]
[EventDate "1994.10.??"]
[EventType "swiss"]
[EventRounds "9"]
[EventCountry "RUS"]
[SourceTitle "CBM 043 Extra"]
[Source "ChessBase"]
[SourceDate "1995.01.01"]
[SourceVersion "1"]
[SourceVersionDate "1995.01.01"]
[SourceQuality "1"]

1. d4 Nf6 2. Nf3 d6 3. Nc3 Nbd7 4. e4 e5 5. Bc4 Be7 6. O-O O-O 7. a4 c6 8. Ba2
h6 9. Re1 (9. Qe2 a5 10. Rd1 Qb6 (10... Qc7 $32) 11. h3 exd4 12. Nxd4 Nc5 13.
Nb3 $1 $16 {Matulovic,M-Lazic,M/JUG(ch)/1994/1:0/44/}) 9... a5 10. h3 exd4 (
10... Re8 11. Be3 Nh7 (11... Qc7 12. Nh4 Nf8 13. Qf3 Be6 14. Nf5 Bxa2 15. Rxa2
Kh7 16. Raa1 $14 {Epishin,V-Adams,M/Terrassa/1991/0,5/24/}) 12. Ne2 $1 Ng5 13.
Ng3 Bf6 $6 (13... Nxf3+ $5 {/\ Bf6+/=}) 14. Nxg5 Bxg5 15. Qh5 Qf6 16. Nf5 $16 {
Malaniuk,V-Maljutin,E/Beskidy/1992/}) 11. Nxd4 Re8 (11... Nc5 12. Qf3 $14) 12.
Nf5 Ne5 (12... Nc5 $32) 13. f4 Ng6 14. Nxe7+ Qxe7 15. Be3 Bd7 $6 (15... Nxe4 $4
16. Nxe4 Qxe4 17. Bf2 $18) (15... Be6 16. Bxe6 fxe6 17. Qd3 $14) 16. f5 Ne5 17.
Qd2 d5 18. exd5 Bxf5 19. Qf2 Bg6 20. Bd4 Nfd7 21. dxc6 bxc6 22. Ne2 (22. Ne4 $1
$16) 22... Qg5 (22... Bxc2 $5 23. Nf4 Bh7 24. Re3 $44) 23. Nf4 Re7 (23... Bxc2
24. Qxc2 Qxf4 25. Re4 {/\ Rf1}) 24. Re2 $16 Kh8 25. Rae1 Rae8 26. Nxg6+ Qxg6 (
26... fxg6 27. Kh1) 27. Bc3 f5 28. Kh1 $1 (28. Bxa5 Nf6 {/\ Ne4<=>}) 28... Qf6
29. Bxa5 f4 30. Bc3 $18 Qf5 31. Kg1 Rf8 32. Re4 Kh7 (32... f3 33. g4 $18) 33.
Bc4 f3 $2 34. Bxe5 Nxe5 35. Rxe5 (35. Rxe5 Rxe5 36. Bd3 $18) 1-0

[Event "EU-Cup 15th final"]
[Site "Bugojno"]
[Date "1999.10.29"]
[Round "1"]
[White "Beliavsky, Alexander G"]
[Black "Oratovsky, Michael"]
[Result "1/2-1/2"]
[WhiteElo "2618"]
[BlackElo "2481"]
[Annotator "Oratovsky,M"]
[PlyCount "100"]
[EventDate "1999.10.29"]
[EventType "team-k.o."]
[EventRounds "3"]
[EventCountry "BIH"]
[SourceTitle "EXT 2020"]
[Source "ChessBase"]
[SourceDate "2019.10.17"]
[SourceVersion "1"]
[SourceVersionDate "2019.10.17"]
[SourceQuality "1"]
[WhiteTeam "Zemun Agrouniverzal"]
[BlackTeam "Petah-Tikva Elitzur"]
[WhiteTeamCountry "SRB"]
[BlackTeamCountry "ISR"]

1. d4 d6 2. e4 Nf6 3. Nc3 Nbd7 4. Nf3 e5 5. Bc4 Be7 6. O-O O-O 7. a4 (7. Re1 c6
8. a4 b6 $5 9. b3 a6 10. d5 c5 11. Rb1 Ne8 12. Bf1 Rb8 13. Nd2 g6 {~ Leko,
P-Bauer,C/FIDE WCh KO 1999 (48)}) 7... c6 8. Re1 (8. h3 exd4 9. Nxd4 d5 10.
exd5 Nb6 11. Bb3 Nfxd5 {=}) 8... a5 9. h3 (9. Ba2 exd4 10. Nxd4 Nc5 11. h3 Qb6
12. Nb3 Na6 $5 (12... Nxb3 13. Bxb3 Be6 14. Be3 Qc7 {=}) 13. Be3 Qd8 14. Nd4
Nb4 15. Bb3 d5 {= Tukmakov,V-Cifuentes Parada,R/Wijk op 1993 (35)}) 9... exd4 (
9... Qc7 10. Be3 Rd8 11. Ng5 Rf8 12. Ba2 h6 13. Nf3 Rd8 14. Qe2 Nf8 15. Rad1
Be6 16. d5 cxd5 17. exd5 Bf5 18. Nd2 {+= Tkachiev,V-Barle,J/Geneva op 1997 (34)
}) 10. Nxd4 Nc5 11. Bf4 {Looks very natural but gives nothing to white.In my
opinion most promising continuation is 11.Qf3} (11. b3 Re8 12. Bb2 Bf8 13. Qf3
Ncd7 14. Qg3 Ne5 15. Bf1 Ng6 16. Rad1 {+= Afonin,A-Chuprov,D/Geller mem (Cup
Russia) 1999 (30)}) (11. Ba2 Qb6 {~}) 11... Be6 $1 $132 (11... Qb6 12. Nb3 (12.
b3 Re8 13. Qf3 Ncd7 14. Nf5 Ne5 15. Bxe5 dxe5 16. Nxe7+ Rxe7 {1/2-1/2 Hracek,
Z-Piket,J/Moscow olm 1994 (37)}) 12... Be6 13. Bxe6 Nxe6 14. Be3 Qc7 15. Nd4
Nxd4 16. Qxd4 {= Roiz,M-Oratovsky,M/Israel Nat. League(6.6) 1999 (31)}) 12.
Nxe6 fxe6 13. Qe2 (13. e5 d5 14. exf6 Bxf6 15. Be3 d4 16. Qg4 dxe3 17. Bxe6+
Kh8 18. Rxe3 Bd4 19. Re2 Qf6 $36) (13. Bxd6 Bxd6 14. e5 Be7 15. exf6 Bxf6 {
with strong counterplay on the darksquares.}) 13... Qb6 14. Qe3 (14. e5 dxe5 (
14... Nd5 15. Bxd5 cxd5 (15... exd5 16. exd6 Bf6 17. Rab1) 16. exd6 Bxd6 17.
Bxd6 Qxd6 18. Rad1 Rae8 {=}) 15. Bxe5 Nd5 16. Rad1 {+=}) (14. b3 d5 15. exd5
cxd5 16. Bb5 Nce4 17. Nxe4 Nxe4 18. Be3 Bc5 {=+}) 14... d5 15. exd5 Nxd5 16.
Bxd5 exd5 17. Qxe7 Rxf4 18. Qd6 $2 Rf6 {-/+} 19. Qe7 Raf8 ({Stronger is} 19...
Rxf2 $1 20. Rf1 (20. Kxf2 Ne4+ 21. Kf3 Qf2+ 22. Kg4 h5+ 23. Kxh5 Qf5+ 24. Kh4
Qf4+ 25. Kh5 Ng3+ 26. Kg6 Qf5#) 20... Nd3 21. Kh1 Raf8 {-+}) 20. Nd1 Ne4 21.
Rxe4 dxe4 22. Qxe4 Qb4 (22... Rd6 {-/+}) 23. Qxb4 axb4 24. Kf1 Re8 25. b3 Rd6
26. Ne3 Rd2 27. Rc1 (27. Ke1 $4 Rxc2 {-+}) 27... Rf8 28. Nd1 Re8 29. Ne3 Rf8
30. Nd1 Rfd8 31. Nb2 Kf7 32. Ke1 R2d4 33. Ke2 Re8+ 34. Kf1 Kf6 35. Nc4 Re7 36.
Ne3 h5 37. Ke2 g6 38. Ra1 Re8 39. Rh1 (39. a5 $6 {just additional weakness.}
Ke6 40. a6 b5 41. a7 Ra8 {-+}) 39... Ke6 40. Ra1 Kd6 41. Rg1 Kc5 42. Rc1 Rf8
43. Rf1 Rdf4 44. Nd1 Kd4 45. Kd2 c5 (45... g5 $1 46. Ke2 $8 (46. f3 g4 47. hxg4
hxg4 48. Ke2 gxf3+ 49. gxf3 Rh4 50. Rf2 Rh3 $22 {-+}) (46. Re1 Rxf2+ 47. Nxf2
Rxf2+ 48. Re2 Rxe2+ 49. Kxe2 Kc3 50. Kd1 h4 51. Kc1 c5 52. Kd1 (52. Kb1 c4 53.
bxc4 Kxc4 54. Kb2 b6 55. Ka2 Kc3 56. Kb1 b3 {-+}) (52. a5 c4 53. bxc4 Kxc4 54.
Kb2 Kb5 {-+}) 52... c4 53. bxc4 Kxc4 54. Kd2 b3 {-+}) 46... c5 {-/+}) 46. f3 c4
47. bxc4 Kxc4 48. Nb2+ Kd5 49. Nd3 Rd4 50. Re1 Kd6 {-/+} 1/2-1/2